00000000nam 2200000za 4500
0019.572996
003CaOODSP
00520221107134028
007cr |||||||||||
008150406s1999    onc|||||o    f00| 0 eng d
040 |aCaOODSP|beng
043 |an-cn---
0861 |aM22-132/12-1999E-PDF
1101 |aCanada. |bNatural Resources Canada.
24510|aOptions paper, science, impacts and adaptation |h[electronic resource] / |cprepared by Canadian Climate Program Board.
24627|aScience, impacts and adaptation options paper
260 |aOttawa : |bThe Board,|c1999.
300 |a61p.|bfig., references, tables
500 |a"As a contribution to Canada's National Implementation Strategy on Climate Change", "November 25, 1999".
590 |a12-10-Supp|b2012-03-23
7102 |aCanadian Climate Program Board.
77508|tRapport sur les options, sciences, impacts et adaptation |w(CaOODSP)9.603238
7760#|tScience, impacts and adaptation / |w(CaOODSP)9.615166
85640|ahttp://publications.gc.ca|qPDF|s235 KB|uhttps://publications.gc.ca/collections/Collection/M22-132-12-1999E.pdf